| 000 | 00694nam a2200241 a 4500 | ||
|---|---|---|---|
| 001 | 72165 | ||
| 003 | BD-RjUL | ||
| 005 | 20211209082223.0 | ||
| 008 | 170514s1963 enka b 001 0 eng | ||
| 035 | _a(BD-RjUL)72381 | ||
| 040 |
_aDLC/ICU _cICU _dBD-RjUL _beng |
||
| 041 | _aeng | ||
| 082 | 0 | 0 |
_a541.224 _223 _bJOI 1963 |
| 100 | 1 |
_aJørgensen, Christian Klixbüll. _9207029 |
|
| 245 | 1 | 0 |
_aInorganic complexes / _cChristian Klixbüll Jørgensen |
| 260 |
_aLondon : _bAcademic Press, _c1963. |
||
| 300 |
_a220 p. : _bill. ; _c24 cm. |
||
| 500 | _aIncludes index | ||
| 650 | 0 |
_aChemical bonds. _9213423 |
|
| 650 | 0 |
_aComplex compounds. _9160667 |
|
| 942 |
_2ddc _cBK |
||
| 999 |
_c72165 _d72165 |
||